000 00300nam a22001337a 4500
003 SGT
020 _a9783642062476
082 _a629.892,PAT
100 _aPATNAIK,SRIKANTA.
245 _aROBOT COGGNITION AND NAVIGATION
260 _aNEW DELHI
_bSPRINGER
_c2007
300 _a288
942 _2ddc
_cBK
999 _c33341
_d33341